Diário de um banana (Record no. 402)

MARC details
000 -LÍDER
campo de controle de tamanho fixo 01445nam a2200325Ia 4500
001 - NÚMERO DE CONTROLE
campo de controle 402
003 - IDENTIFICADOR DO NÚMERO DE CONTROLE
campo de controle OSt
005 - DATA E HORÁRIO DA ÚLTIMA TRANSAÇÃO
campo de controle 20250528074019.0
008 - CAMPO DE DADOS FIXOS--INFORMAÇÃO GERAL
campo de controle de tamanho fixo 250415b ||||| |||| 00| 1 por d
020 ## - ISBN - INTERNATIONAL STANDARD BOOK NUMBER
ISBN - International Standard Book Number 9788576839439
040 ## - FONTE DA CATALOGAÇÃO
Idioma da catalogação por
041 ## - CÓDIGO DE IDIOMA
Código do idioma do texto/trilha sonora ou título diferente por
082 ## - CDD - CLASSIFICAÇÃO DECIMAL DE DEWEY
Número de Classificação 028.5
Número do exemplar K64d
100 1# - ENTRADA PRINCIPAL--NOME PESSOAL
Nome pessoal Kinney, Jeff,
Datas associadas ao nome 1971-
9 (RLIN) 597
240 ## - TÍTULO UNIFORME
Título uniforme Diary of a wimpy kid: The Long Haul.
245 ## - TÍTULO
Título Diário de um banana
Restante do título : caindo na estrada
Indicação de responsabilidade, etc. / Kinney, Jeff ; tradução Alexandre Boide
260 ## - PUBLICAÇÃO, DISTRIBUIÇÃO, ETC.
Local de publicação, distribuição, etc. São Paulo
Nome do editor, distribuidor, etc. Vergara & Riba
Data da publicação, distribuição, etc. 2020.
300 ## - DESCRIÇÃO FÍSICA
Extensão 224 p.
Outros detalhes físicos il.
520 ## - NOTA DE RESUMO, ETC.
Resumo, etc. As férias do Greg tinham tudo para serem perfeitas, até que sua mãe vem com a bomba: eles farão uma viagem de carro em família.<br/><br/>Bem, uma viagem desse tipo tem tudo para ser algo muito divertido… ou não, ainda mais se for a família do Greg.<br/><br/>A jornada começa cheia de promessas, mas logo sofre reviravoltas dramáticas. Banheiros de posto de gasolina, gaivotas ensandecidas, malas perdidas, um porco faminto…<br/><br/>Mas até a viagem mais desastrosa pode virar uma grande aventura – e desta os Heffley não vão se esquecer tão cedo.
650 #0 - ASSUNTO--TERMO TÓPICO
Cabeçalho tópico ou nome geográfico Literatura Americana
9 (RLIN) 84
650 #0 - ASSUNTO--TERMO TÓPICO
Cabeçalho tópico ou nome geográfico Infantojuvenil
9 (RLIN) 200
650 #0 - ASSUNTO--TERMO TÓPICO
Cabeçalho tópico ou nome geográfico Diário
9 (RLIN) 599
650 #0 - ASSUNTO--TERMO TÓPICO
Cabeçalho tópico ou nome geográfico Amizade
9 (RLIN) 556
650 #0 - ASSUNTO--TERMO TÓPICO
Cabeçalho tópico ou nome geográfico Vida escolar
9 (RLIN) 600
655 #0 - TERMO DE ÍNDICE--GÊNERO E FORMA
Gênero/forma/ou termo foco Romance
655 #0 - TERMO DE ÍNDICE--GÊNERO E FORMA
Gênero/forma/ou termo foco Ficção
700 ## - ENTRADA ADICIONADA - NOME PESSOAL
Nome pessoal Alexandre Boiade
Títulos e outras palavras associadas a um nome TRADUTOR
9 (RLIN) 870
830 ## - ENTRADA SECUNDÁRIA DE SÉRIE--TÍTULO UNIFORME
Título uniforme Diário de um banana
9 (RLIN) 598
Número do volume ou designação sequencial da série v.9
942 ## - ELEMENTOS DE ENTRADA ADICIONADOS (KOHA)
Fonte de classificação ou esquema de arquivamento Classificação decimal de Dewey
Tipo de material Koha Livros
Holdings
Situação do descarte Situação das perdas Fonte de classificação ou esquema de arquivamento Materiais especificados (volume encadernado ou outra parte) Status danificado Não pode ser emprestado Coleção Biblioteca de origem Biblioteca atual Localização na estante Data de aquisição Fonte de aquisição Total de empréstimos Número de chamada completo Código de barras Data de último acesso Data do preço efetivo Tipo de material Koha
    Classificação decimal de Dewey vol. 09     Ficção Biblioteca Professor Eduardo Afonso de Castro Biblioteca Professor Eduardo Afonso de Castro Infanto Juvenil 15.04.2025 doação   IJ 028.5 / K55d 2025-17340 15.04.2025 15.04.2025 Livros

Powered by Koha